header

Funding mechanisms for civil society (Record no. 29946)

MARC details
000 -LEADER
fixed length control field 01287nam a2200313Ia 4500
245 00 - TITLE STATEMENT
Title Funding mechanisms for civil society
260 ## - PUBLICATION, DISTRIBUTION, ETC. (IMPRINT)
Place of publication .Washington, DC :
Name of publisher International Bank for Reconstruction and Development/The World Bank,
Year of publication [2013]
300 ## - PHYSICAL DESCRIPTION
Number of Pages xx, 90 p. :
Other physical details ill.
500 ## - GENERAL NOTE
General note "A World Bank study".
650 #0 - SUBJECT ADDED ENTRY--TOPICAL TERM
Topical Term AIDS (Disease)
Topical Term Community development
Topical Term Social participation
700 1# - ADDED ENTRY--PERSONAL NAME
Personal name Bonnel, Rene.
856 40 - ELECTRONIC LOCATION AND ACCESS
Uniform Resource Identifier http://site.ebrary.com/lib/rucke/Doc?id=10644880

No items available.

© 2026 Rongo University
Contact us: librarian | system librarian | Rongo university